Loading...

Repositioning Asia : From bubble to sustainable economy. /

Bibliographic Details
Main Author: Kotler, Philip
Other Authors: Kartajaya, Hermawan
Language:Undetermined
Published: Singapore John Wiley @ sons 2000
Edition:x
LEADER 00524nam a2200157Ia 4500
001 126456
008 170722s9999 xx 000 0 und d
100 |a Kotler, Philip 
245 |a Repositioning Asia :  |b From bubble to sustainable economy. / 
250 |a x 
260 |b John Wiley @ sons  |a Singapore  |c 2000 
300 |a xv+ 226 
700 |a Kartajaya, Hermawan. 
942 |c GEN 
999 |c 15479  |d 15479 
952 |0 0  |1 0  |4 0  |6 X_W1_4_000000000000000_P0  |7 0  |9 18405  |a LIB  |b LIB  |d 2017-08-12  |o X:(W:1).4 P0  |p 240430  |r 2017-08-12  |v 0.00  |w 2017-08-12  |y GEN